| 000 | 00444cam a2200169ua 4500 | ||
|---|---|---|---|
| 020 | _c14.40 | ||
| 041 |
_aeng _h |
||
| 082 |
_a294.54 _bAUR/FU |
||
| 100 | _aAurobindo, . | ||
| 245 |
_aFuture evolution of man:the divine life upon earth / _cAurobindo. _hTextual Documents |
||
| 260 |
_aLondon : _bGeorge Allen & Unwin Ltd , _c1963. |
||
| 300 | _a1560 ; . | ||
| 365 | _a14.40 | ||
| 504 | _a | ||
| 942 | _cBK | ||
| 999 |
_c12546 _d12546 |
||